| 000 | 00473nam a22001937a 4500 | ||
|---|---|---|---|
| 999 |
_c180974 _d180974 |
||
| 005 | 20210824154109.0 | ||
| 010 | _aENG-129796 | ||
| 020 |
_c499.00 _a978-81-936761-2-7 |
||
| 035 | _aEN-113328 | ||
| 037 | _bDBAD/PUB | ||
| 082 | _aN | ||
| 100 | _aShoam | ||
| 245 | _aThe heart of Donna Rai: | ||
| 250 | _a2017 | ||
| 260 |
_bAdisakrit _c2018 _aChennai |
||
| 270 |
_bChennai _aRathna offset printers _e600119 |
||
| 300 |
_a307p. _c25cm (pbk) |
||
| 942 |
_2ddc _cEN _hN _kSHO |
||